Debates sobre ciudadanía y políticas raciales en las américas negras / (Registro nro. 4043)
[ vista simple ]
| 000 -LEADER | |
|---|---|
| fixed length control field | 01523nam a2200313Ia 4500 |
| 003 - CONTROL NUMBER IDENTIFIER | |
| control field | OSt |
| 005 - DATE AND TIME OF LATEST TRANSACTION | |
| control field | 20200504121035.0 |
| 008 - FIXED-LENGTH DATA ELEMENTS--GENERAL INFORMATION | |
| fixed length control field | 191128s2010 ck ao gr 000 0dspa d |
| 020 ## - INTERNATIONAL STANDARD BOOK NUMBER | |
| International Standard Book Number | 9789587196122 |
| 040 ## - CATALOGING SOURCE | |
| Original cataloging agency | CO-JMCCR |
| Transcribing agency | CO-JMCCR |
| 041 0# - LANGUAGE CODE | |
| Language code of text/sound track or separate title | spa |
| 082 04 - DEWEY DECIMAL CLASSIFICATION NUMBER | |
| Classification number | 305.8 / |
| Item number | M912d |
| 100 1# - MAIN ENTRY--PERSONAL NAME | |
| Personal name | Mosquera Rosero, Claudia, |
| Relator term | editora |
| 9 (RLIN) | 3848 |
| 245 10 - TITLE STATEMENT | |
| Title | Debates sobre ciudadanía y políticas raciales en las américas negras / |
| Statement of responsibility, etc. | Claudia Mosquera Rosero-Labbé, Agustín Laó-Montes, César Rodríguez Garavito, editores y coautores |
| 260 ## - PUBLICATION, DISTRIBUTION, ETC. | |
| Place of publication, distribution, etc. | Bogotá : |
| Name of publisher, distributor, etc. | Universidad Nacional de Colombia, |
| Date of publication, distribution, etc. | 2010 |
| 300 ## - PHYSICAL DESCRIPTION | |
| Extent | 922 páginas : |
| Other physical details | fotografías a color ; |
| Dimensions | 24 cm. |
| 500 ## - GENERAL NOTE | |
| General note | Incluye índice analítico. |
| 504 ## - BIBLIOGRAPHY, ETC. NOTE | |
| Bibliography, etc. note | Incluye bibliografás. |
| 505 ## - FORMATTED CONTENTS NOTE | |
| Formatted contents note | Modernidad, globalización y formaciones raciales -- Raza en la historia y sociedad colombiana -- Nación y ciudadanía -- Racismo y derecho |
| 520 ## - SUMMARY, ETC. | |
| Summary, etc. | Los capítulos de este volumen nos invitan a repensar el papel que desempeñan la realización en las sociedades de las <<Américas negras>>. Tradicionalmente - y en especial en los discursos nacionalistas de los países latinoamericanos. |
| 650 14 - SUBJECT ADDED ENTRY--TOPICAL TERM | |
| Topical term or geographic name entry element | Problemas raciales |
| 9 (RLIN) | 3849 |
| 650 24 - SUBJECT ADDED ENTRY--TOPICAL TERM | |
| Topical term or geographic name entry element | Racismo Ciudadanía |
| 9 (RLIN) | 3850 |
| 650 24 - SUBJECT ADDED ENTRY--TOPICAL TERM | |
| Topical term or geographic name entry element | Discriminación racial |
| 9 (RLIN) | 3851 |
| 700 1# - ADDED ENTRY--PERSONAL NAME | |
| Personal name | Mosquera Rosero-Labbé, |
| Relator term | editor |
| 9 (RLIN) | 3852 |
| 700 1# - ADDED ENTRY--PERSONAL NAME | |
| Personal name | Claudia Patricia, editor |
| 9 (RLIN) | 3853 |
| 700 1# - ADDED ENTRY--PERSONAL NAME | |
| Personal name | Laó-Montes, Agustin, |
| Relator term | editor |
| 9 (RLIN) | 3854 |
| 700 1# - ADDED ENTRY--PERSONAL NAME | |
| Personal name | Rodríguez Garavito, César A., |
| Relator term | editor |
| 9 (RLIN) | 3855 |
| 942 ## - ADDED ENTRY ELEMENTS (KOHA) | |
| Source of classification or shelving scheme | Dewey Decimal Classification |
| Koha item type | Books |
| Withdrawn status | Lost status | Source of classification or shelving scheme | Materials specified (bound volume or other part) | Damaged status | Not for loan | Home library | Current library | Shelving location | Date acquired | Source of acquisition | Cost, normal purchase price | Total Checkouts | Full call number | Barcode | Date last seen | Date last checked out | Copy number | Price effective from | Koha item type |
|---|---|---|---|---|---|---|---|---|---|---|---|---|---|---|---|---|---|---|---|
| Dewey Decimal Classification | Donación--24/08/2018-- | Biblioteca Pública José María del Castillo y Rada | Biblioteca Pública José María del Castillo y Rada | General Stacks | 11/28/2019 | Donación | 0.00 | 1 | 305.8 / M912d | 201808840 | 02/11/2026 | 02/11/2026 | Ej.1 | 11/28/2019 | Books |